000
00222 a2200097 4500
001
27706
100
_a
Norris, B
245
_a
Electronic power control & digital Tech.
260
_a
_b
McGraw-Hill
_c
090
_c
18479
_d
18479
942
_a
NUST-CAE
_c
M
_c
9423
999
_c
262779
_d
262779